000 00625pam a2200217 a 4500
003 OSt
005 20150728145959.0
008 930326s1994 nyua 001 0 eng
020 _a0070289875 (alk. paper) :
020 _a0071133410 (Internaional ed.)
040 _aSEKU
050 0 0 _aHF 5657.4
_b.H5 1994
100 1 _aHilton, Ronald W.
245 1 0 _aManagerial accounting /
_cRonald W. Hilton.
250 _a2nd ed.
260 _aNew York :
_bMcGraw-Hill,
_cc1994.
300 _axxx, 982, G1-17, I1-18 p. :
_bcol. ill. ;
_c27 cm.
500 _aIncludes indexes.
650 0 _aManagerial accounting.
942 _2lcc
_cGEN
999 _c7464
_d7464